Mystery Taylor Swift Song #68 - Statistics

General Stats
  • This quiz has been taken 412 times
    406 since last reset
  • The average score is 94 of 155
Answer Stats
Song % Correct
I
98%
a
95%
(The
94%
the
94%
you
93%
ever
90%
me)
89%
me?
89%
me
89%
so
88%
to
88%
your
88%
And
87%
on
86%
in
85%
my
85%
The Tortured Poets Department
85%
Do
84%
I'm
82%
at
80%
of
80%
be
79%
look
79%
time
79%
know
78%
No
78%
what
78%
how
77%
like
77%
that
77%
(That
77%
(All
76%
all
76%
are
76%
every
76%
Feel
76%
It's
76%
Then
76%
But
74%
for
74%
high
73%
school
73%
wanna
73%
just
71%
boy
70%
her
70%
not
70%
ball
68%
did
68%
saw
68%
Aristotle
67%
from
67%
night
67%
with
67%
'Cause
66%
got
65%
So High School
65%
us
65%
or
64%
first
63%
Grand
63%
play
63%
Auto
62%
spin
62%
Tell
62%
blink
61%
gonna
61%
knew
61%
Touch
61%
'bout
60%
dare
60%
had
60%
(Had
60%
I'll
60%
Theft
60%
Truth
60%
while
60%
bottles
59%
eye
59%
friends
59%
kiss
59%
hide
58%
wanted
58%
kill
56%
(Kill
56%
babe
55%
dad
55%
damn
55%
game
55%
marry
55%
really
55%
(Really)
55%
think
54%
already
53%
find
53%
full
53%
one's
53%
throttle
53%
new
52%
scout's
52%
honor
51%
laughin'
51%
middle
51%
our
51%
quiet
51%
Saturday
51%
again
50%
around
50%
crowd
50%
jokes
50%
two
50%
watchin'
50%
American
49%
Brand
49%
impression
49%
smokin'
48%
tryin'
48%
bros
47%
Pie
47%
practice
47%
Get
46%
three
46%
three)
46%
true
45%
bettin'
44%
drink
44%
swear
43%
backseat
42%
backseat)
42%
fingers
42%
isn't
42%
sixteen
42%
suddenly
42%
twinklin'
42%
crinklin'
41%
voices
41%
Bittersweet
40%
hearing
40%
lights
40%
pull
40%
car
39%
sighs
39%
wrinkle
39%
madman
38%
(Yeah)
38%
stifle
37%
pink
36%
Cheeks
35%
sweet?
35%
sweet)
35%
sinkin'
34%
door
32%
entwined
31%
brink
24%
No matching quizzes found
Score Distribution
Percent of People with Each Score
Percentile by Number Answered
Your Score History
You have not taken this quiz since the last reset